<?xml version="1.0" encoding="UTF-8"?><?xml-stylesheet type="text/xsl" href="static/style.xsl"?><OAI-PMH xmlns="http://www.openarchives.org/OAI/2.0/" xmlns:xsi="http://www.w3.org/2001/XMLSchema-instance" xsi:schemaLocation="http://www.openarchives.org/OAI/2.0/ http://www.openarchives.org/OAI/2.0/OAI-PMH.xsd"><responseDate>2026-04-13T02:27:35Z</responseDate><request verb="GetRecord" identifier="oai:www.recercat.cat:2072/462726" metadataPrefix="marc">https://recercat.cat/oai/request</request><GetRecord><record><header><identifier>oai:recercat.cat:2072/462726</identifier><datestamp>2025-06-12T09:25:20Z</datestamp><setSpec>com_2072_98</setSpec><setSpec>col_2072_378192</setSpec></header><metadata><record xmlns="http://www.loc.gov/MARC21/slim" xmlns:dcterms="http://purl.org/dc/terms/" xmlns:xsi="http://www.w3.org/2001/XMLSchema-instance" xmlns:doc="http://www.lyncode.com/xoai" xsi:schemaLocation="http://www.loc.gov/MARC21/slim http://www.loc.gov/standards/marcxml/schema/MARC21slim.xsd">
   <leader>00925njm 22002777a 4500</leader>
   <datafield ind2=" " ind1=" " tag="042">
      <subfield code="a">dc</subfield>
   </datafield>
   <datafield ind2=" " ind1=" " tag="720">
      <subfield code="a">Snauwaert, Erwin</subfield>
      <subfield code="e">author</subfield>
   </datafield>
   <datafield ind2=" " ind1=" " tag="260">
      <subfield code="c">2022</subfield>
   </datafield>
   <datafield ind2=" " ind1=" " tag="520">
      <subfield code="a">El presente artículo se propone analizar cómo en la novela Las orillas del aire (2017) de Karina Pacheco Medrano el efecto fantástico se pone en marcha a través del espacio que, con este fin, se aprovecha de dos formas. Primero ilustraremos cómo la descripción meticulosa de los dos espacios principales de la novela, la sierra andina y la selva, crea un contexto verosímil que refuerza el choque con la enigmática desaparición de la heroína, de modo que el lector experimenta dicho suceso como problemático. Segundo, demostraremos hasta qué punto la interpenetración que se perfila entre los dos ámbitos citados también induce operaciones discursivas, por lo que se conecta con el concepto de «fantástico de espacio». Más específicamente, la fusión entre sierra y selva transgrede unas fronteras físicas al mismo tiempo que condiciona un desdoblamiento del personaje central, que, a su vez, termina afectando a la propia narración. Al ser invocada por la narradora en una atmósfera etérea trascendente, la protagonista sorprendentemente cobra una vida nueva, lo que no solo subraya la dimensión fantástica de la novela, sino que resalta cómo esta se alimenta del estrecho vínculo entre espacio y enunciación.</subfield>
   </datafield>
   <datafield ind2=" " ind1=" " tag="520">
      <subfield code="a">This article aims to analyze how in Karina Pacheco Medrano's novel Las orillas del aire (2017) the fantastic effect is created through space which is used in two ways. First, we will illustrate how the meticulous description of the two main spaces of the novel, the Andean highlands and the jungle, creates a plausible context that reinforces the clash with the enigmatic disappearance of the heroine so that the reader experiences this event as problematic. Second, we will demonstrate to what extent the interpenetration that emerges between the two locations also passes through some discursive operations by which it connects with the concept of the 'fantastic of space'. More specifically, the fusion between highlands and jungle transgresses physical boundaries and at the same time conditions a splitting of the central character that ends up affecting the narrative itself. By being invoked by the narrator in a transcendent ethereal atmosphere, the protagonist surprisingly takes on a new life, which strengthens the fantastic dimension of the story and highlights how it is mainly powered by the close link between space and narration.</subfield>
   </datafield>
   <datafield tag="653" ind2=" " ind1=" ">
      <subfield code="a">Karina Pacheco Medrano</subfield>
   </datafield>
   <datafield tag="653" ind2=" " ind1=" ">
      <subfield code="a">Las orillas del aire</subfield>
   </datafield>
   <datafield tag="653" ind2=" " ind1=" ">
      <subfield code="a">Fantástico</subfield>
   </datafield>
   <datafield tag="653" ind2=" " ind1=" ">
      <subfield code="a">Fusión espacial</subfield>
   </datafield>
   <datafield tag="653" ind2=" " ind1=" ">
      <subfield code="a">Lo fantástico andino</subfield>
   </datafield>
   <datafield tag="653" ind2=" " ind1=" ">
      <subfield code="a">Karia pacheco medrano</subfield>
   </datafield>
   <datafield tag="653" ind2=" " ind1=" ">
      <subfield code="a">Las orrillas del aire</subfield>
   </datafield>
   <datafield tag="653" ind2=" " ind1=" ">
      <subfield code="a">Spatial fusion</subfield>
   </datafield>
   <datafield tag="653" ind2=" " ind1=" ">
      <subfield code="a">Andean fantastic</subfield>
   </datafield>
   <datafield tag="653" ind2=" " ind1=" ">
      <subfield code="a">Fanstastic of space</subfield>
   </datafield>
   <datafield ind2="0" ind1="0" tag="245">
      <subfield code="a">La fusión entre sierra y selva como instrumento de lo fantástico en Las orillas del aire de Karina Pacheco Medrano</subfield>
   </datafield>
</record></metadata></record></GetRecord></OAI-PMH>